|
|
|
|
| LEADER |
00000nam a2200000Ii 4500 |
| 001 |
DIGAGUA0523 |
| 003 |
NyNyDIG |
| 006 |
m o d |
| 007 |
cr ||||||||||| |
| 008 |
130101s1999 sp o 000 0 spa d |
| 020 |
|
|
|z 8480181648
|
| 020 |
|
|
|z 9788480181648
|
| 035 |
|
|
|a (OCoLC)888252177
|
| 040 |
|
|
|a DGITA
|b eng
|e pn
|c DGITA
|
| 050 |
1 |
4 |
|a RT31 eBook
|
| 100 |
1 |
|
|a Siles González, José,
|d 1957-
|
| 245 |
1 |
0 |
|a Historia de la enfermería :
|b (modelos de práctica profesional) /
|c José Siles González.
|
| 264 |
|
1 |
|a Alicante :
|b Editorial Aguaclara S.L.,
|c 1999.
|
| 300 |
|
|
|a 1 online resource (375 pages)
|
| 336 |
|
|
|a text
|b txt
|2 rdacontent
|
| 337 |
|
|
|a computer
|b c
|2 rdamedia
|
| 338 |
|
|
|a online resource
|b cr
|2 rdacarrier
|
| 490 |
1 |
|
|a Colección Amalgama ;
|v 23
|
| 504 |
|
|
|a Includes bibliographical references (p. 364-375)
|
| 650 |
|
0 |
|a Nursing
|x History.
|
| 655 |
|
0 |
|a Electronic books.
|
| 791 |
2 |
|
|a Digitalia (Firm),
|e distributor.
|
| 830 |
|
0 |
|a Colección Amalgama ;
|v 23.
|
| 793 |
0 |
|
|g Digitalia eBook Collection:
|a Editorial Aguaclara.
|
| 856 |
4 |
0 |
|3 Digitalia Hispánica
|u https://www.digitaliapublishing.com/a/114/
|
| 910 |
|
|
|a Premium Collection: 2007-2012
|